000 00248nam a22000857a 4500
008 160926b xxu||||| |||| 00| 0 eng d
100 _9758
_aKumar.V.etal.
245 _aEnglish Communicative Main Course- VIII
260 _aNew Delhi
_bC.P. Publications
_c2012
999 _c3415
_d3415